000 00733nam a2200205 i 4500
001 154255
003 ES-MaACL
005 20260315185733.0
008 931025s1863 po |||| | por d
100 1 _aGarrett, Almeida.
_955660
245 1 0 _aCamôes /
_cpelo visconde de Almeida-Garrett.
250 _a6ª ed.
260 _aLisboa :
_bem casa da viuva Bertrand e Filhos,
_c1863 (
_fImprensa Nacional)
300 _a271 p. ;
_c17 cm.
490 1 _aObras do Visconde de Almeida-Garrett ;
_v1
600 1 4 _aCamões, Luís de,
_d1524?-1580
_9181622
830 0 _aObras do Visconde de Almeida-Garrett
_v1
_9187864
852 _aES-MaACL
_jG-8612
_z-- Enc. pasta española
_x-- Edic.: XXI, 271 p.
999 _c154255
_d154255